书目信息 |
| 题名: |
世界最险恶之旅
|
|
| 作者: | (英)阿普斯利·谢里-加勒德 著 ;尹萍 译 | |
| 分册: | Ⅱ | |
| 出版信息: | 上海 上海文艺出版社 2016 |
|
| 页数: | 390页 | |
| 开本: | 21cm | |
| 丛书名: | ||
| 单 册: | ||
| 中图分类: | N816.61 | |
| 科图分类: | ||
| 主题词: | 南极 , 科学考察 , 普及读物 | |
| 电子资源: | ||
| ISBN: | 978-7-5321-5820-1 | |
| 000 | 00841nam0 2200217 450 | |
| 001 | 3010 | |
| 005 | 20161207150919.09 | |
| 010 | @a978-7-5321-5820-1@dCNY49.00 | |
| 101 | @achi | |
| 200 | @a 世界最险恶之旅@dThe worst journey in the world |h II |z eng@h Ⅱ@f(英)阿普斯利·谢里-加勒德著 | |
| 210 | @a上海@c上海文艺出版社@d2016 | |
| 215 | @a390页@d21cm | |
| 330 | @a本书讲述1911年1月至1913年1月,英国海军上校斯科特率队进行南极探险,以人类所能具备的勇气、毅力和坚定信念,在那片艰险之地进行科学考察和极地探险活动。整整三年,在极不利人居的地方,为了并没有财务回报的纯粹对知识的探究,付出卓绝努力和生命代价。 | |
| 606 | @a南极 | |
| 606 | @a科学考察 | |
| 606 | @a普及读物 | |
| 690 | @aN816.61@v4 | |
| 701 | @a (英)阿普斯利·谢里-加勒德@4著 | |
| 711 | @a尹萍@4译 | |
| 801 | 0 | @aCN@b大连网信软件有限公司图书馆·11@c20161207 |
| 905 | @aZUCC@dN816.61@e12:2 | |
| 世界最险恶之旅=The worst journey in the world |h II |z eng. Ⅱ/(英)阿普斯利·谢里-加勒德著.-上海:上海文艺出版社,2016 |
| 390页;21cm |
| ISBN 978-7-5321-5820-1:CNY49.00 |
| 本书讲述1911年1月至1913年1月,英国海军上校斯科特率队进行南极探险,以人类所能具备的勇气、毅力和坚定信念,在那片艰险之地进行科学考察和极地探险活动。整整三年,在极不利人居的地方,为了并没有财务回报的纯粹对知识的探究,付出卓绝努力和生命代价。 |
| ● |
| 相关链接 |
|
|
|
|
正题名:世界最险恶之旅
索取号:N816.61/12:2
 
预约/预借
| 序号 | 登录号 | 条形码 | 馆藏地/架位号 | 状态 | 备注 |
| 1 | 912478 | 209124785 | 第二样本阅览室/ [索取号:N816.61/12:2] | 在馆 | |
| 2 | 912479 | 209124794 | 第三借阅区/ [索取号:N816.61/12:2] | 在馆 | |
| 3 | 912480 | 209124801 | 第三借阅区/ [索取号:N816.61/12:2] | 在馆 | |
| 4 | 912481 | 209124810 | 第三借阅区/ [索取号:N816.61/12:2] | 在馆 |